1352 1290 1156 1683 1192 1870 1786 1362 1289 1583 1920 1960 1382 1594 1731 1406 1108 1004 1804 1422 1582 1832 1671 1564 1348 1195 1223 1503 1146 1907 1157 1961 1009 1529 1651 1810 1243 1601 1835 1876 1312 1450 1224 1140 1050 1248 1359 1473 1173 1182 1955 1057 1633 1112 1824 1650 1057 1670 1053 1654 1857 1312 1110 1585 1789 1108 1760 1941 1825 1860 1040 1783 1609 1381 1263 1766 1937 1336 1864 1331 1689 1395 1605 1840 1388 1077 1208 1527 1313 1479 1943 1697 1323 1926 1954 1839 1696 1090 1569 BCNSPRNW ULIB Ver.6.0+V

เปลี่ยนเป็นภาษาไทย

Change to English
 แสดงรายละเอียดบรรณานุกรม
  กลับหน้าหลัก

Brief Record : Get Marc (ISO 2709) : E-mail record : QR code < ปิดหน้าต่าง
LEADER : 00000nam 2200000uu 4500
001    13399112295
003     ULIB
008    110627s2552||||th 000 0 tha d
020    9786110600088
090    นว.^bอ534ล 2552
100 0  อัณณรัก
245 00 ลิขิตลับ ชะตารัก/^cอัณณรัก
250    พิมพ์ครั้งที่ 2
260    กรุงเทพฯ :^bแจ่มใส,^c2552
300    171 หน้า
710 1  แจ่มใส
945    ^p189^l0^i027763
995    ทศพร
999 ^a ใช้งานได้ทุกระบบ
รายการนี้ยังไม่มีแท็ก
คุณยังไม่ได้ล็อกอิน คุณสามารถมีกิจกรรมร่วมกับเว็บไซต์ได้ แต่ต้องล็อกอินก่อน ::
  ล็อกอิน

รายการสื่อสารสนเทศ

ลำดับที่ ประเภท เลขเรียก/บาร์โค้ด สถานที่ สถานะ
- ไม่พบข้อมูล -

BibComment


ยังไม่เคยถูกคอมเมนท์

คอมเมนท์ทรัพยากรรายการนี้
  คอมเมนท์: ลิขิตลับ ชะตารัก ..


 Copyright 2026. Bcnsprnw @Library